Juventus Full Squads (1990-2000) - Statistics

General Stats
  • This quiz has been taken 73 times
  • The average score is 107 of 220
Answer Stats
# Ruolo Risposta % Correct
21 MF ๐Ÿ‡ซ๐Ÿ‡ท Zinedine Zidane
96%
- | 10 FW ๐Ÿ‡ฎ๐Ÿ‡น Alessandro Del Piero
94%
1 GK ๐Ÿ‡ณ๐Ÿ‡ฑ Edwin van der Sar
85%
- | 14 MF ๐Ÿ‡ซ๐Ÿ‡ท Didier Deschamps
83%
26 MF ๐Ÿ‡ณ๐Ÿ‡ฑ Edgar Davids
83%
- | 1 GK ๐Ÿ‡ฎ๐Ÿ‡น Angelo Peruzzi
81%
- MF ๐Ÿ‡ฎ๐Ÿ‡น Dino Baggio
81%
- | 9 FW ๐Ÿ‡ฎ๐Ÿ‡น Gianluca Vialli
81%
- FW ๐Ÿ‡ฎ๐Ÿ‡น Roberto Baggio
81%
9 FW ๐Ÿ‡ฎ๐Ÿ‡น Filippo Inzaghi
79%
- | 2 DF ๐Ÿ‡ฎ๐Ÿ‡น Ciro Ferrara
77%
- | 11 FW ๐Ÿ‡ฎ๐Ÿ‡น Fabrizio Ravanelli
77%
- | 8 MF ๐Ÿ‡ฎ๐Ÿ‡น Antonio Conte
72%
4 DF ๐Ÿ‡บ๐Ÿ‡พ Paolo Montero
72%
15 FW ๐Ÿ‡ฎ๐Ÿ‡น Christian Vieri
68%
- | 3 DF ๐Ÿ‡ฎ๐Ÿ‡น Moreno Torricelli
64%
7 | 17 | 22 DF ๐Ÿ‡ฎ๐Ÿ‡น Gianluca Pessotto
62%
19 | 28 DF ๐Ÿ‡ญ๐Ÿ‡ท Igor Tudor
62%
6 FW ๐Ÿ‡ซ๐Ÿ‡ท Thierry Henry
62%
- | 15 | 20 MF ๐Ÿ‡ฎ๐Ÿ‡น Alessio Tacchinardi
60%
- | 7 MF ๐Ÿ‡ฎ๐Ÿ‡น Angelo Di Livio
60%
18 MF ๐Ÿ‡ท๐Ÿ‡ธ Vladimir Jugovic
57%
15 DF ๐Ÿ‡ฎ๐Ÿ‡น Alessandro Birindelli
55%
23 DF ๐Ÿ‡ฎ๐Ÿ‡น Gianluca Zambrotta
55%
13 DF ๐Ÿ‡ฎ๐Ÿ‡น Mark Iuliano
53%
- | 12 GK ๐Ÿ‡ฎ๐Ÿ‡น Michelangelo Rampulla
53%
9 FW ๐Ÿ‡ญ๐Ÿ‡ท Alen Boksic
51%
- | 6 MF ๐Ÿ‡ต๐Ÿ‡น Paulo Sousa
51%
11 | 18 FW ๐Ÿ‡บ๐Ÿ‡พ Daniel Fonseca
49%
27 FW ๐Ÿ‡บ๐Ÿ‡พ Marcelo Zalayeta
49%
- FW ๐Ÿ‡ฎ๐Ÿ‡น Salvatore Schillaci
49%
- DF ๐Ÿ‡ฉ๐Ÿ‡ช Jurgen Kohler
45%
11 | 21 FW ๐Ÿ‡ฎ๐Ÿ‡น Michele Padovano
45%
20 DF ๐Ÿ‡ฎ๐Ÿ‡น Pietro Vierchowod
45%
- GK ๐Ÿ‡ฎ๐Ÿ‡น Stafano Tacconi
45%
18 FW ๐Ÿ‡ท๐Ÿ‡ธ Darko Kovacevic
43%
- DF ๐Ÿ‡ง๐Ÿ‡ท Julio Cesar
43%
- MF ๐Ÿ‡ฉ๐Ÿ‡ช Andreas Moller
40%
- | 13 MF ๐Ÿ‡ฎ๐Ÿ‡น Giancarlo Marocchi
40%
- | 5 DF ๐Ÿ‡ฎ๐Ÿ‡น Sergio Porrini
40%
16 FW ๐Ÿ‡ฎ๐Ÿ‡น Nicola Amoruso
38%
- | 4 DF ๐Ÿ‡ฎ๐Ÿ‡น Massimo Carrera
36%
5 MF ๐Ÿ‡ณ๐Ÿ‡ฌ Sunday Oliseh
36%
6 DF ๐Ÿ‡ต๐Ÿ‡น Dimas
30%
- DF ๐Ÿ‡ญ๐Ÿ‡ท Robert Jarni
30%
- DF ๐Ÿ‡ฎ๐Ÿ‡น Andrea Fortunato
26%
- MF ๐Ÿ‡ฎ๐Ÿ‡น Daniele Fortunato
26%
- DF ๐Ÿ‡ฎ๐Ÿ‡น Luigi De Agostini
26%
- FW ๐Ÿ‡ฎ๐Ÿ‡น Paolo Di Canio
26%
- MF ๐Ÿ‡ฎ๐Ÿ‡น Roberto Galia
26%
19 MF ๐Ÿ‡ฎ๐Ÿ‡น Attilio Lombardo
23%
23 DF ๐Ÿ‡ฆ๐Ÿ‡ท Juan Pablo Sorin
23%
- FW ๐Ÿ‡ฎ๐Ÿ‡น Pierluigi Casiraghi
23%
- MF ๐Ÿ‡ฉ๐Ÿ‡ช Stefan Reuter
23%
- MF ๐Ÿ‡ฉ๐Ÿ‡ช Thomas Hassler
23%
19 FW ๐Ÿ‡ฆ๐Ÿ‡ท Juan Esnaider
21%
- FW ๐Ÿ‡ฎ๐Ÿ‡น Michele De Min
21%
3 DF ๐Ÿ‡ท๐Ÿ‡ธ Zoran Mirkovic
21%
- MF๐Ÿด๓ ง๓ ข๓ ท๓ ฌ๓ ณ๓ ฟ David Platt
17%
- MF ๐Ÿ‡ฎ๐Ÿ‡น Eugenio Corini
17%
14 MF ๐Ÿ‡ฎ๐Ÿ‡น Jonathan Bachini
17%
23 MF ๐Ÿ‡ฎ๐Ÿ‡น Simone Perrotta
17%
- DF ๐Ÿ‡ฎ๐Ÿ‡น Marco De Marchi
15%
- DF ๐Ÿ‡ฎ๐Ÿ‡น Gianluca Luppi
13%
18 MF ๐Ÿ‡ซ๐Ÿ‡ท Jocelyn Blanchard
13%
- FW ๐Ÿ‡ฎ๐Ÿ‡น Corrado Grabbi
9%
5 MF ๐Ÿ‡ฎ๐Ÿ‡น Fabio Pecchia
9%
- | 16 MF ๐Ÿ‡ฎ๐Ÿ‡น Luca Fusi
9%
- DF ๐Ÿ‡ฎ๐Ÿ‡น Nicolรฒ Napoli
9%
- DF ๐Ÿ‡ฎ๐Ÿ‡น Alessandro Orlando
6%
- FW ๐Ÿ‡ฎ๐Ÿ‡น Massimo Orlando
6%
- GK ๐Ÿ‡ฎ๐Ÿ‡น Adriano Bonaiuti
4%
- DF ๐Ÿ‡ฎ๐Ÿ‡น Dario Bonetti
4%
- FW ๐Ÿ‡ญ๐Ÿ‡ท Zoran Ban
4%
- DF ๐Ÿ‡ฎ๐Ÿ‡น Alessandro Dal Canto
2%
- MF ๐Ÿ‡ฎ๐Ÿ‡น Angelo Alessio
2%
- GK ๐Ÿ‡ฎ๐Ÿ‡น Davide Micillo
2%
28 MF ๐Ÿ‡ฎ๐Ÿ‡น Ivano Trotta
2%
- GK ๐Ÿ‡ฎ๐Ÿ‡น Lorenzo Squizzi
2%
- DF ๐Ÿ‡ฎ๐Ÿ‡น Luigi Sartor
2%
- MF ๐Ÿ‡ฎ๐Ÿ‡น Andrea Caverzan
0%
- GK ๐Ÿ‡ฎ๐Ÿ‡น Fabio Marchioro
0%
- DF ๐Ÿ‡ฎ๐Ÿ‡น Francesco Baldini
0%
- DF ๐Ÿ‡ฎ๐Ÿ‡น Gianluca Francesconi
0%
- MF ๐Ÿ‡ฎ๐Ÿ‡น Massimiliano Giacobbo
0%
- DF ๐Ÿ‡ฎ๐Ÿ‡น Massimo Notari
0%
- MF ๐Ÿ‡ฎ๐Ÿ‡น Nicola Ragagnin
0%
- MF ๐Ÿ‡ฎ๐Ÿ‡น Nicola Zanini
0%
No matching quizzes found
Score Distribution
Percent of People with Each Score
Percentile by Number Answered
Your Score History
You have not taken this quiz